Glossary of Indian medicinal plants (Record no. 358958)

MARC details
000 -LEADER
fixed length control field 003920000a22001570004500
060 ## - NATIONAL LIBRARY OF MEDICINE CALL NUMBER
Classification number 100
082 ## - DEWEY DECIMAL CLASSIFICATION NUMBER
Classification number 581.63403 CHO
100 ## - MAIN ENTRY--PERSONAL NAME
Personal name Chopra I C
100 ## - MAIN ENTRY--PERSONAL NAME
Personal name Chopra R N, Nayar S L
245 ## - TITLE STATEMENT
Title Glossary of Indian medicinal plants
260 ## - PUBLICATION, DISTRIBUTION, ETC. (IMPRINT)
Place of publication, distribution, etc. Delhi, C S I R
260 ## - PUBLICATION, DISTRIBUTION, ETC. (IMPRINT)
Date of publication, distribution, etc. 1956
300 ## - PHYSICAL DESCRIPTION
Extent 330
650 ## - SUBJECT ADDED ENTRY--TOPICAL TERM
Topical term or geographic name as entry element Indian medicinal plants-glossary /medicinal plants- glossary
942 ## - ADDED ENTRY ELEMENTS (KOHA)
Koha item type Books (General)
Holdings
Withdrawn status Lost status Source of classification or shelving scheme Damaged status Not for loan Collection code Home library Current library Shelving location Date acquired Total Checkouts Full call number Barcode Date last seen Price effective from Koha item type
    Dewey Decimal Classification     Reference Book College of Agriculture, Vellayani College of Agriculture, Vellayani Reference 02/05/2014   581.63403 CHO KAU_COAV-19570 02/05/2014 02/05/2014 Reference Book
Kerala Agricultural University Central Library
Thrissur-(Dt.), Kerala Pin:- 680656, India
Ph : (+91)(487) 2372219
E-mail: librarian@kau.in
Website: http://library.kau.in/